000 00505ntaaa2200193 4500
003 01
005 20251027201508.0
008 0714s1973 ag 01
040 _aAR-BaBN
_bspa
_cAR-BaBN
_eaacr
_dRIC
082 _a227.0900 J62
100 _aJohns, Richard A.
_913541
245 _aThirteenth Apostle
250 _a1 ed.
260 _aNashville :
_bBroadman Press,
_cc1966
300 _a176 p.
500 _aescrito como auto-biografĂ­a de Pablo en lenguaje moderno
650 _aPablo
_93151
942 _cBK
999 _c9549
_d9549